000 00562 a2200205 4500
001 137081
020 _a8501005150
040 _cLeonardo Da Vinci
041 _aPortuguês
082 _a823 L466c
_bL466c
100 _aLE CARRÉ, John
245 _aUm crime entre cavalheiros
250 _a6 ed
260 _bRecord
_c1998
_aRio de Janeiro
362 _a19980000
490 _aSupertítulos
500 _aJosé Laurênio de Melo (Tradução)
697 _aLiteratura
_aRomance norte-americano
_aSuspense
_aAventura policial
_aEstados Unidos
942 _cBK
999 _c137081
_d137081